UBT Library

FOUNDATIONS OF PSYCHOLOGY (Record no. 60321)

000 -LEADER
fixed length control field 00293nam a22001337a 4500
008 - FIXED-LENGTH DATA ELEMENTS--GENERAL INFORMATION
fixed length control field 230911b ||||| |||| 00| 0 eng d
041 ## - LANGUAGE CODE
Language code of text/sound track or separate title eng
080 ## - UNIVERSAL DECIMAL CLASSIFICATION NUMBER
Universal Decimal Classification number 159.9
082 ## - DEWEY DECIMAL CLASSIFICATION NUMBER
Classification number 159.9BOR
100 ## - Rafti
Rafti 25
101 ## - Shkurtesa
Shkurtesa PSI
245 ## - TITLE STATEMENT
Title FOUNDATIONS OF PSYCHOLOGY
Statement of responsibility, etc BORING.G.E
942 ## - ADDED ENTRY ELEMENTS (KOHA)
Source of classification or shelving scheme
Item type Books
Holdings
Withdrawn status Lost status Source of classification or shelving scheme Damaged status Not for loan Collection code Permanent location Current location Date acquired Total Checkouts Full call number Barcode Date last seen Price effective from Koha item type
          Koleksioni i përgjithshem UBT - Lipjan UBT - Lipjan 09/11/2023   159.9BOR 002800070252 09/11/2023 09/11/2023 Books
UBT Library © 2015-2024. All rights reserved University Education for Business and Technology